| 000 | 00505nam a2200169 i 4500 | ||
|---|---|---|---|
| 001 | 93007 | ||
| 003 | ES-MaACL | ||
| 005 | 20230906181115.0 | ||
| 007 | t| | ||
| 008 | 050406s1969 sp ||||1| spa d | ||
| 100 | 1 |
_aLocatelli, Giovanni. _973037 |
|
| 245 | 1 | 3 |
_aLa pastoral de conjunto después del Concilio / _cGiovanni Locatelli; versión por M. Allende. |
| 260 |
_aBilbao : _bMensajero, _c1969. |
||
| 300 |
_a366 p. ; _c19 cm. |
||
| 700 | 1 |
_aAllende, M. _920010 |
|
| 852 |
_aES-MaACL _jC-35899 _bR.69882 |
||
| 999 |
_c93007 _d93007 |
||